=LDR 00000nam 2200000 4500 =001 INLIS000000000021806 =005 20221011095152 =035 ##$$a 0010-061300000021806 =008 221011###########################0###### =041 ##$$a Ind =082 ##$$a 310 =090 ##$$a 310, Iri s =100 ##$$a Irianto, Agus =245 1#$$a Statistik, konsep dasar dan aplikasinya, Agus Trianto =260 ##$$a 2004 :$b Jakarta =300 ##$$a vi, 294 hlm, ilus, 23 cm =650 #4$$a Statistik =850 ##$$a NBPNMAT